000 00686nam a2200289Ia 4500
005 20260324151034.0
008 008 260324s9999 xx 000 0 eng d
020 _a9780429028168
037 _aEBOOK
040 _aCRL
040 _beng
040 _cCRL
041 _2eng
041 _aeng
084 _qCRL
100 _aW. Rhys Roberts
_91220047
245 0 _aLonginus on the Sublime
245 4 _bThe Greek Text Edited After the Manuscript
260 _bTaylor and Francis
260 _c1907
365 _a
365 _b180
856 _uhttp://www.taylorfrancis.com/books/9780429028168
942 _cEBOOK
999 _c1838963
_d1838963